00652nam a2200193Ia 4500003000900000008004100009020001800050040001600068080001500084100002700099245011000126260003500236300001500271650004100286650001100327942000700338999001500345952009800360IN-BaIIA211028s9999 xx 000 0 eng d a0-12-160050-5 cIIA Library a535.8bCAR aCarlson, F Paul910676 0aIntroduction to applied optics for engineerscF Paul Carlson  aNew YorkbAcademic Pressc1977 axii, 277p. aAstronomy and astrophysics thesaurus aOptics cBK c6199d6199 00104070aBANbBANcGENd1979-04-07l0o535.8/ CARp6912r2021-11-05w1979-04-07yBK 16.00